NCAA Division III Men's Volleyball Programs - Statistics

General Stats
  • This quiz has been taken 120 times
    37 since last reset
  • The average score is 63 of 132
Answer Stats
% Correct
Carthage CCIW
96%
NYU UVC
96%
Springfield Independent
92%
Stevens MAC
92%
Wentworth GNAC
92%
New Paltz UVC
88%
North Central (IL) CCIW
88%
St. John Fisher UVC
88%
Vassar UVC
88%
California Lutheran Independent
83%
Hobart UVC
83%
Juniata CVC
83%
Massachusetts Institute of Technology UVC
83%
Southern Virginia CVC
83%
Lasell GNAC
79%
Nazareth UVC
79%
Nichols NEVC
79%
Aurora NACC
75%
Baldwin Wallace MCVL
75%
Buffalo State AMCC
75%
Concordia-Chicago NACC
75%
Concordia (WI) NACC
75%
Messiah MAC
75%
Rutgers-Newark CVC
75%
UC Santa Cruz Independent
75%
Loras CCIW
71%
Milwaukee School of Engineering NACC
71%
Baruch CUNYAC
67%
Dominican (IL) NACC
67%
Eastern MAC
67%
Endicott NEVC
67%
Hunter CUNYAC
67%
Misericordia MAC
67%
Thiel PAC
67%
Trine MCVL
67%
Bard NEVC
63%
Elmira UVC
63%
Kean CVC
63%
Lancaster Bible United East
63%
Mount Union MCVL
63%
New Jersey City CUNYAC
63%
Stevenson MAC
63%
SUNY Poly NEVC
63%
Benedictine (IL) NACC
58%
Illinois Tech NACC
58%
Lakeland NACC
58%
Penn State-Altoona AMCC
58%
Penn State-Behrend AMCC
58%
Arcadia MAC
54%
Illinois Wesleyan CCIW
54%
Randolph ODAC
54%
Wittenberg MCVL
54%
Drew CVC
50%
Elms GNAC
50%
Marymount (VA) CVC
50%
Regis (MA) GNAC
50%
Sage NEVC
50%
Eastern Mennonite ODAC
46%
Emerson GNAC
46%
John Jay CUNYAC
46%
North Park CCIW
46%
Rivier GNAC
46%
Wilkes CVC
46%
Adrian MCVL
42%
Augustana (IL) CCIW
42%
Brooklyn CUNYAC
42%
Elizabethtown CVC
42%
Emmanuel (MA) GNAC
42%
Purchase Skyline
42%
Randolph-Macon ODAC
42%
Sarah Lawrence Skyline
42%
SUNY Potsdam NEVC
42%
Wisconsin Lutheran NACC
42%
York (NY) CUNYAC
42%
Calvin MCVL
38%
City College of New York CUNYAC
38%
Hood MAC
38%
Marian (WI) NACC
38%
Mount St. Joseph MCVL
38%
Mount St. Vincent Skyline
38%
Ramapo Independent
38%
Wabash MCVL
38%
Yeshiva Skyline
38%
Cairn United East
33%
Curry NEVC
33%
Dean GNAC
33%
Geneva PAC
33%
Hiram PAC
33%
Houghton AMCC
33%
King's (PA) MAC
33%
Medgar Evers CUNYAC
33%
Pratt United East
33%
Roanoke ODAC
33%
Rockford NACC
33%
St. Joseph's (Brooklyn) Skyline
33%
St. Joseph's (Long Island) Skyline
33%
St. Norbert NACC
33%
UW-Stevens Point Independent
33%
Virginia Wesleyan ODAC
33%
Westminster (MO) Independent
33%
Widener MAC
33%
Bridgewater (VA) ODAC
29%
Lehman CUNYAC
29%
Manhattanville Skyline
29%
Mount Aloysius AMCC
29%
Neumann United East
29%
Olivet MCVL
29%
Edgewood NACC
25%
Gallaudet United East
25%
Greenville Independent
25%
Grove City PAC
25%
Hilbert AMCC
25%
Lynchburg ODAC
25%
Maranatha Baptist Independent
25%
Old Westbury Skyline
25%
St. Elizabeth United East
25%
Wheaton (MA) Independent
25%
Wilson United East
25%
Carlow AMCC
21%
Spalding (KY) MCVL
21%
Valley Forge United East
21%
Vermont State-Johnson NEVC
21%
Chatham PAC
17%
Immaculata United East
17%
Shenandoah ODAC
17%
St. Vincent PAC
17%
Warren Wilson Independent
17%
Averett ODAC
13%
Bethany PAC
13%
Regent Independent
13%
Franklin Independent
8%
Hartwick Independent
8%
No matching quizzes found
Score Distribution
Percent of People with Each Score
Percentile by Number Answered
Your Score History
You have not taken this quiz since the last reset